000 00668nam a22002177a 4500
003 UA-OsUOA
001 66701
007 ta
008 20100122b un ||||| |||| 00| 0 ukr d
100 _aКрейдич І.М.
090 _a330(477)
_bК79
942 _cSA
040 _aUA-OsUOA
_bukr
_cUA-OsUOA
_dUA-OsUOA
245 _aОцінка потреб в інвестиційних ресурсах для відтворення основних виробничих фондів у промисловості
300 _aС.21-24
955 _a0
041 _aukr
080 _a330(477)
773 0 _w66700
650 7 _a330 Економіка взагалі
_2UDC
999 _c352776
_d352776